[Event "2006 U.S. Masters Championship"]
[Site "Hendersonville, NC"]
[Date "2006.03.17"]
[Round "5"]
[White "Harris, David"]
[Black "Ferguson, Randal G"]
[Result "1-0"]
[WhiteElo "2130"]
[BlackElo "2274"]
[PlyCount "120"]
[EventDate "2006.03.11"]
[EventCountry "USA"]

 1. e4 c5 2. Nf3 d6 3. d4 cxd4 4. Nxd4 Nf6 5. Nc3 a6 6. Be3 e5 7. Nf3 Be6 8. a4 Be7 9. Be2 h6 10. O-O Nbd7 11. Nh4 O-O 12. Nf5 Bxf5 13. exf5 Rc8 14. Bf3 Qc7 15. Bd5 Nb6 16. Bxb6 Qxb6 17. Bb3 Rc5 18. Qe2 Rfc8 19. Rad1 Qb4 20. f4 Kf8 21. fxe5 dxe5 22. Kh1 Rd8 23. Rxd8+ Bxd8 24. Rd1 Bb6 25. h3 Qh4 26. Rd6 Rxc3 27. Rxb6 Ne4 28. Kg1 Rc7 29. Rb4 Ng3 30. Qd3 Qe7 31. f6 gxf6 32. Rh4 Rd7 33. Qxg3 Qc5+ 34. Kh2 Rd1 35. Qc3 Qg1+ 36. Kg3 Re1 37. Qc8+ Ke7 38. Qc7+ Ke8 39. Qxf7+ Kd8 40. Qxf6+ Kc7 41. Rc4+ Kb8 42. Qd6+ Ka8 43. Rc8+ Ka7 44. Qc5+ Qxc5 45. Rxc5 Kb6 46. Rd5 Kc6 47. a5 Re3+ 48. Kg4 Rxb3 49. Rxe5 Rxb2 50. Re6+ Kd7 51. Rxh6 Rxc2 52. Kf3 Ra2 53. g4 Rxa5 54. Rh7+ Kd6 55. Rxb7 Ra3+ 56. Kg2 Ra2+ 57. Kg3 Ra3+ 58. Kh4 Ra4 59. Kh5 Ra3 60. h4 Ra4 1-0

[Event "2006 U.S. Masters Championship"]
[Site "Hendersonville, NC"]
[Date "2006.03.17"]
[Round "5"]
[White "Francis, Benjamin"]
[Black "Sharp, Dale E"]
[Result "1/2-1/2"]
[WhiteElo "2048"]
[BlackElo "2203"]
[PlyCount "166"]
[EventDate "2006.03.11"]
[EventCountry "USA"]

 1. e4 e5 2. f4 exf4 3. Nf3 g5 4. d4 Bg7 5. Nc3 d6 6. h4 h6 7. Bc4 Nc6 8. O-O g4 9. Bxf4 gxf3 10. Bxf7+ Kxf7 11. Qxf3 Nf6 12. e5 dxe5 13. dxe5 Qd4+ 14. Kh1 Nxe5 15. Bxe5 Qxe5 16. Rae1 Bg4 17. Qxb7 Qg3 18. Qd5+ Kg6 19. h5+ Bxh5 20. Qf5+ Kf7 21. Qd5+ Kf8 22. Qxa8+ Kf7 23. Qd5+ Kg6 24. Qf5+ Kf7 25. Qxh5+ Kg8 26. Qh3 Qg6 27. Re7 Ng4 28. Rff7 Be5 29. Nd5 Qg5 30. Ne3 Qxe7 31. Rxe7 Nf2+ 32. Kg1 Nxh3+ 33. gxh3 Bd6 34. Rd7 Rh7 35. Rxh7 Kxh7 36. Kg2 Kg6 37. Kf3 Kg5 38. Ng2 Kf5 39. Ne3+ Kg5 40. Ng4 h5 41. Nf2 Kf5 42. Ne4 Be7 43. Nc3 c6 44. Ne2 Bf6 45. c3 Ke5 46. Ng3 h4 47. Ne4 Be7 48. Nf2 Kf5 49. Nd3 Bd6 50. Nb4 c5 51. Nc2 Bf4 52. Ne3+ Ke5 53. Ng4+ Kf5 54. Nf2 Bd6 55. Nd3 Be7 56. Nc1 Bd6 57. Nb3 Bf8 58. Na5 a6 59. a4 Bh6 60. Nb3 Bf8 61. Nd2 Be7 62. Ne4 Ke5 63. Ke3 Bf8 64. Kf3 Be7 65. Nd2 Kf5 66. Nc4 Bd8 67. b4 cxb4 68. cxb4 Be7 69. b5 axb5 70. axb5 Ke6 71. Ke4 Kd7 72. Kd5 Kc7 73. Ne3 Bg5 74. Nf5 Kb6 75. Kc4 Bf6 76. Ne3 Be5 77. Nd5+ Kb7 78. Kc5 Bg7 79. b6 Bb2 80. Kb5 Bd4 81. Kc4 Bg1 82. Kb5 Bf2 83. Ka5 Bg1 1/2-1/2

[Event "2006 U.S. Masters Championship"]
[Site "Hendersonville, NC"]
[Date "2006.03.17"]
[Round "5"]
[White "Dana, Maurice"]
[Black "Pupols, Viktors"]
[Result "0-1"]
[WhiteElo "2200"]
[BlackElo "2200"]
[PlyCount "106"]
[EventDate "2006.03.11"]
[EventCountry "USA"]

 1. e4 e6 2. d4 d5 3. Nc3 Nf6 4. e5 Nfd7 5. f4 c5 6. Nf3 Nc6 7. Bd3 cxd4 8. Ne2 Qb6 9. O-O Be7 10. Kh1 g6 11. Qe1 Nc5 12. Qf2 Nxd3 13. cxd3 Nb4 14. Nexd4 Nxd3 15. Qc2 Nxc1 16. Raxc1 O-O 17. f5 exf5 18. Qd2 Be6 19. Rc3 Rfc8 20. Rb3 Qc7 21. Re1 b6 22. Ng5 Bxg5 23. Qxg5 Qd8 24. Qh6 Qf8 25. Qh4 Rc4 26. Qf2 Rac8 27. Qd2 Qc5 28. Rd3 Rc1 29. Nb3 Rxe1+ 30. Qxe1 Qc2 31. Rd2 Qe4 32. Re2 Qa4 33. Qd2 Qxa2 34. Nd4 Qc4 35. Re1 Qc5 36. Rd1 a5 37. h4 Qe7 38. g3 Rc4 39. b3 Rc8 40. h5 Rc5 41. Kg2 Bd7 42. hxg6 fxg6 43. e6 Be8 44. Qf4 Qc7 45. Qg5 Qe5 46. Kf2 Rc3 47. Rd2 h6 48. Qe7 Qxg3+ 49. Ke2 Qg2+ 50. Ke1 Rc1+ 51. Rd1 Qg1+ 52. Ke2 Qxd1+ 53. Kf2 Qxd4+ 0-1

[Event "2006 U.S. Masters Championship"]
[Site "Hendersonville, NC"]
[Date "2006.03.17"]
[Round "5"]
[White "Rupel, David G"]
[Black "Brookshear, Timothy"]
[Result "1/2-1/2"]
[WhiteElo "2074"]
[BlackElo "2000"]
[PlyCount "88"]
[EventDate "2006.03.11"]
[EventCountry "USA"]

 1. d4 Nf6 2. c4 e6 3. Nf3 d5 4. g3 Bb4+ 5. Bd2 Be7 6. Bg2 Nbd7 7. cxd5 exd5 8. Nc3 c6 9. Qc2 O-O 10. O-O Re8 11. Bf4 Nf8 12. Rad1 Ne6 13. Bc1 g6 14. Rfe1 Ng7 15. Bg5 Bf5 16. Qc1 Ne6 17. Nh4 Nxg5 18. Nxf5 Nge4 19. Nxe7+ Rxe7 20. f3 Nxc3 21. bxc3 Qa5 22. Qd2 Rae8 23. e3 Kg7 24. Kf2 b5 25. Re2 Qa3 26. Rde1 Qd6 27. e4 dxe4 28. fxe4 Ng4+ 29. Kg1 f6 30. Qf4 Qxf4 31. gxf4 c5 32. d5 g5 33. h3 Nh6 34. fxg5 fxg5 35. Rb2 a6 36. a4 bxa4 37. Rb6 Nf7 38. Rxa6 Ne5 39. Rxa4 Nd3 40. Rb1 Nf4 41. Rb5 Ne2+ 42. Kf2 Nxc3 43. Raa5 Nxb5 44. Rxb5 Rxe4 1/2-1/2

[Event "2006 U.S. Masters Championship"]
[Site "Hendersonville, NC"]
[Date "2006.03.17"]
[Round "5"]
[White "Magar, Thomas P"]
[Black "Smith, Garrett L"]
[Result "1-0"]
[WhiteElo "2200"]
[BlackElo "2010"]
[PlyCount "89"]
[EventDate "2006.03.11"]
[EventCountry "USA"]

 1. d4 Nf6 2. c4 g6 3. Nc3 Bg7 4. e4 d6 5. f3 O-O 6. Be3 Nc6 7. Qd2 e5 8. d5 Nd4 9. Nge2 c5 10. dxc6 bxc6 11. Nxd4 exd4 12. Bxd4 Re8 13. Be2 d5 14. cxd5 Rb8 15. O-O cxd5 16. exd5 Nxd5 17. Bxg7 Nxc3 18. Qxc3 Rxe2 19. Bf6 Qb6+ 20. Kh1 Ba6 21. Rfe1 Qb4 22. Qxb4 Rxb4 23. Rxe2 Bxe2 24. Re1 Bb5 25. Re7 Rc4 26. h3 a6 27. Rb7 Rc8 28. Rb6 h6 29. Kg1 Kh7 30. Rb7 g5 31. Bc3 Kg6 32. Rb6+ Rc6 33. Rb8 h5 34. Rg8+ Kf5 35. g4+ hxg4 36. hxg4+ Kf4 37. Kf2 Rd6 38. Rf8 Bc4 39. Re8 Be6 40. Rb8 Rc6 41. Rb4+ Rc4 42. Rb6 a5 43. Rb5 Rxc3 44. bxc3 Bxa2 45. Rf5# 1-0

[Event "2006 U.S. Masters Championship"]
[Site "Hendersonville, NC"]
[Date "2006.03.17"]
[Round "5"]
[White "Allen, Mark H"]
[Black "Kobernat, Alan E"]
[Result "0-1"]
[WhiteElo "1899"]
[BlackElo "2036"]
[PlyCount "54"]
[EventDate "2006.03.11"]
[EventCountry "USA"]

 1. e4 e5 2. Nc3 Nf6 3. f4 d5 4. fxe5 Nxe4 5. Qf3 Nc6 6. Nxe4 Nd4 7. Qd3 dxe4 8. Qxe4 Bf5 9. Qxb7 Rb8 10. Qa6 Nxc2+ 11. Kd1 Nxa1 12. b3 Nc2 13. Bb5+ Rxb5 14. Qxb5+ Qd7 15. Qb8+ Qd8 16. Qb5+ Bd7 17. Qa5 Nd4 18. Bb2 Nc6 19. Qc3 Bb4 20. Qe3 O-O 21. Nf3 Bg4 22. h3 Bxf3+ 23. gxf3 Qe7 24. Qe4 Qc5 25. Ke2 Rd8 26. Rd1 Nd4+ 27. Kf1 Qc2 0-1

[Event "2006 U.S. Masters Championship"]
[Site "Hendersonville, NC"]
[Date "2006.03.18"]
[Round "6"]
[White "Ardaman, Miles F"]
[Black "Burnett, Ronald W"]
[Result "1/2-1/2"]
[WhiteElo "2377"]
[BlackElo "2424"]
[PlyCount "120"]
[EventDate "2006.03.11"]
[EventCountry "USA"]

 1. Nc3 g6 2. e4 Bg7 3. g3 c5 4. Bg2 Nc6 5. d3 d6 6. Nge2 e5 7. a3 Nge7 8. b4 Be6 9. Rb1 Rb8 10. O-O O-O 11. Bg5 h6 12. Be3 cxb4 13. axb4 d5 14. exd5 Nxd5 15. Bc5 Re8 16. b5 Nxc3 17. Nxc3 Ne7 18. Ne4 Nc8 19. Ba3 f5 20. Nc5 Bd5 21. Bh3 Bf8 22. c4 Bf7 23. Qc1 Nb6 24. Rd1 Qc7 25. Nb3 Bxa3 26. Qxa3 e4 27. Qc1 exd3 28. c5 Nc4 29. Rxd3 Ne5 30. Rc3 Bd5 31. Qxh6 Nf3+ 32. Rxf3 Bxf3 33. Qxg6+ Qg7 34. Bxf5 Qxg6 35. Bxg6 Re6 36. Nd4 Rxg6 37. Nxf3 Re6 38. Ra1 Ra8 39. Kg2 Kf8 40. Ra4 Ree8 41. h4 Rec8 42. Ne5 Ke7 43. c6 b6 44. Rd4 Rc7 45. f4 a6 46. Ra4 Kd6 47. Nd7 Raa7 48. Rd4+ Ke6 49. Nxb6 axb5 50. Rd5 Ra2+ 51. Kh3 Rb2 52. f5+ Ke7 53. Re5+ Kd6 54. Re6+ Kc5 55. Nd7+ Kd5 56. Nf6+ Kc5 57. h5 Ra2 58. Ne4+ Kd4 59. Nd6 Kc5 60. f6 Kd5 1/2-1/2

[Event "2006 U.S. Masters Championship"]
[Site "Hendersonville, NC"]
[Date "2006.03.18"]
[Round "6"]
[White "Shaw, Tenzing W"]
[Black "Margvelashvili, Giorgi"]
[Result "1/2-1/2"]
[WhiteElo "2463"]
[BlackElo "2112"]
[PlyCount "42"]
[EventDate "2006.03.11"]
[EventCountry "USA"]

 1. c4 Nf6 2. g3 c6 3. Bg2 d5 4. Nf3 Bg4 5. Ne5 Be6 6. cxd5 Bxd5 7. Nf3 c5 8. Nc3 Bc6 9. O-O e6 10. d4 Nbd7 11. a3 cxd4 12. Qxd4 Be7 13. b4 a6 14. Bb2 O-O 15. Rfd1 Rc8 16. a4 Qb6 17. Qxb6 Nxb6 18. b5 axb5 19. axb5 Bxf3 20. Bxf3 Nc4 21. Na4 Nxb2 1/2-1/2

[Event "2006 U.S. Masters Championship"]
[Site "Hendersonville, NC"]
[Date "2006.03.18"]
[Round "6"]
[White "Smith, Bryan G"]
[Black "Fouts, Matthew A"]
[Result "1-0"]
[WhiteElo "2413"]
[BlackElo "2007"]
[PlyCount "120"]
[EventDate "2006.03.11"]
[EventCountry "USA"]

 1. e4 e6 2. d4 d5 3. e5 c5 4. c3 Nc6 5. Nf3 Bd7 6. Be2 f6 7. O-O cxd4 8. cxd4 fxe5 9. dxe5 Bc5 10. Nc3 a6 11. Bg5 Qc7 12. Rc1 Ba7 13. b4 Qb6 14. b5 Nd4 15. Bd3 Ne7 16. bxa6 bxa6 17. Be3 Nxf3+ 18. Qxf3 Qb8 19. Qh5+ g6 20. Qg5 Rf8 21. Rb1 Qd8 22. Qh6 Rf7 23. Ne2 Bb5 24. Rxb5 Ng8 25. Qh3 axb5 26. Bxb5+ Kf8 27. Nf4 Rxf4 28. Bxf4 Qc7 29. a4 Rc8 30. Qd3 Qc5 31. Qf3 Kg7 32. Qg4 Qe7 33. Qe2 Nh6 34. Qd2 Nf7 35. Rc1 Rc5 36. h3 g5 37. Bg3 Qc7 38. Rxc5 Qxc5 39. Qe2 Bb8 40. Qg4 Bxe5 41. Bxe5+ Nxe5 42. Qxe6 d4 43. Qf5 Qc1+ 44. Kh2 Qf4+ 45. Qxf4 gxf4 46. Kg1 Nf7 47. a5 Nd6 48. Bd7 Nc4 49. a6 Nb6 50. a7 Kf6 51. Kf1 Ke5 52. Bc6 d3 53. a8=Q Nxa8 54. Bxa8 Kd4 55. Ke1 h5 56. Kd2 h4 57. Bf3 Kc4 58. Bh5 Kd4 59. f3 Kc4 60. Bf7+ Kd4 1-0

[Event "2006 U.S. Masters Championship"]
[Site "Hendersonville, NC"]
[Date "2006.03.18"]
[Round "6"]
[White "Ludwig, Daniel J"]
[Black "Aliev, Timur"]
[Result "1-0"]
[WhiteElo "2331"]
[BlackElo "2327"]
[PlyCount "187"]
[EventDate "2006.03.11"]
[EventCountry "USA"]

 1. e4 c5 2. Nf3 Nc6 3. d4 cxd4 4. Nxd4 Nf6 5. Nc3 e5 6. Ndb5 d6 7. Bg5 a6 8. Na3 b5 9. Nd5 Be7 10. Bxf6 Bxf6 11. c3 O-O 12. Nc2 Bg5 13. a4 bxa4 14. Rxa4 a5 15. Bc4 Rb8 16. Ra2 Kh8 17. Nce3 Ne7 18. O-O Nxd5 19. Nxd5 f5 20. exf5 Bxf5 21. b3 Be6 22. Qe2 Rc8 23. Rd1 Bxd5 24. Rxd5 Rc5 25. Rxc5 dxc5 26. g3 e4 27. Qxe4 Re8 28. Qf3 Bf6 29. Kg2 Rf8 30. Re2 Bd4 31. Qd3 Bf6 32. Qe3 Qa8+ 33. f3 Qc6 34. Bd3 Qd5 35. Bc4 Qc6 36. Rd2 Qe8 37. Qxc5 Bxc3 38. Re2 Bb4 39. Qd5 Qd8 40. Qe4 Qf6 41. Qd3 g6 42. h4 Kg7 43. Qd5 Kh8 44. f4 Rd8 45. Qf3 Qd4 46. Be6 Qc3 47. Qxc3+ Bxc3 48. Re3 Bb4 49. Bc4 Kg7 50. Kf3 Ra8 51. Kg4 Rc8 52. Re4 Kf6 53. Re6+ Kg7 54. Ra6 Rf8 55. h5 Be1 56. hxg6 hxg6 57. Bd3 Rf6 58. Ra7+ Rf7 59. Ra8 Rd7 60. Bc4 Re7 61. Kf3 Bd2 62. Ra6 Rd7 63. Kg4 Be1 64. Kg5 Bxg3 65. Rxg6+ Kf8 66. Rf6+ Ke7 67. Rf5 Rd4 68. Bb5 Kd6 69. Kg4 Bh2 70. Ba4 Rd5 71. Rf6+ Kc5 72. f5 Kd4 73. Kg5 Kc5 74. Rc6+ Kd4 75. Kg6 Bd6 76. f6 Bb4 77. Rc4+ Ke5 78. Rxb4 axb4 79. f7 Rd6+ 80. Kg7 Rf6 81. f8=Q Rxf8 82. Kxf8 Kd6 83. Kf7 Kc7 84. Ke6 Kb6 85. Kd6 Ka6 86. Kc6 Ka5 87. Kc5 Ka6 88. Kxb4 Kb6 89. Kc4 Kc7 90. Kc5 Kb8 91. b4 Kc7 92. b5 Kb7 93. b6 Kb8 94. Kc6 1-0

[Event "2006 U.S. Masters Championship"]
[Site "Hendersonville, NC"]
[Date "2006.03.18"]
[Round "6"]
[White "Privman, Boris"]
[Black "Chumachenko, Andrey"]
[Result "1/2-1/2"]
[WhiteElo "2338"]
[BlackElo "2452"]
[PlyCount "105"]
[EventDate "2006.03.11"]
[EventCountry "USA"]

 1. c4 Nf6 2. Nc3 d5 3. cxd5 Nxd5 4. Nf3 g6 5. e4 Nxc3 6. dxc3 Qxd1+ 7. Kxd1 Bg4 8. Be2 Nd7 9. Be3 e5 10. Nd2 Bxe2+ 11. Kxe2 Bc5 12. Bh6 Bf8 13. Bxf8 Rxf8 14. Nc4 O-O-O 15. Rad1 Nc5 16. f3 f6 17. b3 h5 18. h4 b6 19. g3 a5 20. Ke3 Kb7 21. Nb2 Ne6 22. Rd3 Rxd3+ 23. Nxd3 Kc6 24. f4 Nc5 25. Rd1 Nxd3 26. Rxd3 Re8 27. Rd5 exf4+ 28. gxf4 Rg8 29. a4 f5 30. b4 fxe4 31. Rg5 axb4 32. cxb4 Ra8 33. b5+ Kd7 34. Rxg6 Rxa4 35. Rg5 c5 36. Rg6 c4 37. Rxb6 c3 38. Rc6 Ra3 39. Kxe4 Rb3 40. Rc5 c2 41. Rxc2 Rxb5 42. f5 Rb4+ 43. Ke5 Rxh4 44. Ra2 Rg4 45. Ra7+ Ke8 46. Kf6 h4 47. Rh7 Rf4 48. Rh8+ Kd7 49. Kg6 Ke7 50. Rh7+ Kf8 51. Rh8+ Ke7 52. Kg5 Ra4 53. Rxh4 1/2-1/2

[Event "2006 U.S. Masters Championship"]
[Site "Hendersonville, NC"]
[Date "2006.03.18"]
[Round "6"]
[White "Haessel, Dale R"]
[Black "Jones, Craig W"]
[Result "1-0"]
[WhiteElo "2158"]
[BlackElo "2280"]
[PlyCount "65"]
[EventDate "2006.03.11"]
[EventCountry "USA"]

 1. c4 e5 2. g3 Nc6 3. Bg2 Nf6 4. Nf3 Bc5 5. O-O d6 6. Nc3 O-O 7. e3 Bg4 8. h3 Bh5 9. g4 Bg6 10. d4 Bb6 11. Na4 Re8 12. Nxb6 axb6 13. Nh4 Be4 14. f3 Nd7 15. d5 Qxh4 16. fxe4 Ne7 17. Bd2 Ng6 18. a4 Qe7 19. b4 Ra7 20. Be1 Rea8 21. Rf2 Qg5 22. Qf3 Nf6 23. Qg3 Nh4 24. Rxf6 Nxg2 25. Rf5 Qxe3+ 26. Kxg2 Qxe4+ 27. Qf3 Qxc4 28. Rxf7 Qc2+ 29. Kg3 e4 30. Qf5 Qb2 31. Rxc7 Rf8 32. Rc8 Ra8 33. Qxf8# 1-0

[Event "2006 U.S. Masters Championship"]
[Site "Hendersonville, NC"]
[Date "2006.03.18"]
[Round "6"]
[White "Simpson, Ronald"]
[Black "Kidd, Jeffrey A"]
[Result "1-0"]
[WhiteElo "2265"]
[BlackElo "2157"]
[PlyCount "109"]
[EventDate "2006.03.11"]
[EventCountry "USA"]

 1. Nf3 Nf6 2. c4 g6 3. g3 Bg7 4. Bg2 O-O 5. O-O d6 6. d4 Nc6 7. d5 Ne5 8. Nxe5 dxe5 9. Nc3 Bd7 10. Qb3 Rb8 11. Rd1 Qc8 12. Qa3 a6 13. Qxe7 Re8 14. Qc5 e4 15. Bf4 Nh5 16. Bg5 h6 17. Be3 Bh3 18. d6 c6 19. Qb4 b5 20. cxb5 axb5 21. Nxe4 Nf6 22. Nxf6+ Bxf6 23. d7 Bxd7 24. Qd6 Be6 25. Bxc6 Be7 26. Bd7 Bxd6 27. Bxc8 Rexc8 28. Rxd6 Rc2 29. Rd2 Rbc8 30. b3 Rxd2 31. Bxd2 Rc2 32. Bxh6 Rxe2 33. a4 bxa4 34. bxa4 Ra2 35. Rxa2 Bxa2 36. Kf1 f6 37. Ke2 Kf7 38. Kd3 Ke6 39. g4 Bd5 40. Ke3 g5 41. f4 gxf4+ 42. Kxf4 Bc4 43. Ke3 f5 44. Kd4 Bb3 45. gxf5+ Kxf5 46. a5 Ke6 47. Kc5 Kd7 48. Kb6 Kc8 49. Bf4 Bd5 50. h4 Bf3 51. a6 Kd7 52. a7 Kd8 53. h5 Ke7 54. h6 Kf7 55. Kc7 1-0

[Event "2006 U.S. Masters Championship"]
[Site "Hendersonville, NC"]
[Date "2006.03.18"]
[Round "6"]
[White "Lopez II, Nelson M"]
[Black "Potter, J Russell"]
[Result "0-1"]
[WhiteElo "2087"]
[BlackElo "2215"]
[PlyCount "70"]
[EventDate "2006.03.11"]
[EventCountry "USA"]

 1. e4 e5 2. Nf3 Nc6 3. c3 Nf6 4. d4 Nxe4 5. d5 Ne7 6. Nxe5 Ng6 7. Bd3 Nc5 8. Bxg6 hxg6 9. b4 Qe7 10. Bf4 d6 11. bxc5 dxe5 12. O-O Bf5 13. Qa4+ Bd7 14. c6 bxc6 15. dxc6 Bf5 16. Re1 f6 17. Qa6 Kf7 18. Nd2 Qd8 19. Nf1 Bd6 20. Be3 Rh4 21. Red1 Bc8 22. Qa5 e4 23. c4 Qe7 24. Rab1 Rh5 25. Rd5 Rxd5 26. cxd5 Qe5 27. Bxa7 f5 28. Rb8 Rxb8 29. Bxb8 f4 30. Qa7 Bg4 31. g3 Be2 32. gxf4 Qa1 33. Kg2 Qxf1+ 34. Kg3 Qg1+ 35. Kh3 Qg4# 0-1

[Event "2006 U.S. Masters Championship"]
[Site "Hendersonville, NC"]
[Date "2006.03.18"]
[Round "6"]
[White "Harris, Neal D"]
[Black "Cheng, Xiao"]
[Result "0-1"]
[WhiteElo "2204"]
[BlackElo "2292"]
[PlyCount "48"]
[EventDate "2006.03.11"]
[EventCountry "USA"]

 1. e4 c5 2. Nf3 d6 3. d4 cxd4 4. Nxd4 Nf6 5. Nc3 a6 6. Bg5 e6 7. Qd3 Nbd7 8. f4 Qc7 9. O-O-O Be7 10. Be2 Nc5 11. Qf3 h6 12. Bh4 Nfxe4 13. Nxe4 Bxh4 14. f5 Nxe4 15. Qxe4 Bg5+ 16. Kb1 d5 17. Qf3 Bf6 18. fxe6 fxe6 19. Qa3 Kf7 20. Nb5 axb5 21. Qxa8 Qe5 22. c3 Qxe2 23. Rhe1 Qc4 24. Qb8 e5 0-1

[Event "2006 U.S. Masters Championship"]
[Site "Hendersonville, NC"]
[Date "2006.03.18"]
[Round "6"]
[White "Pupols, Viktors"]
[Black "Magar, Thomas P"]
[Result "0-1"]
[WhiteElo "2200"]
[BlackElo "2200"]
[PlyCount "106"]
[EventDate "2006.03.11"]
[EventCountry "USA"]

 1. d4 Nf6 2. c4 g6 3. Nc3 d5 4. Bg5 Ne4 5. Nxe4 dxe4 6. Qd2 Bg7 7. e3 h6 8. Bh4 c5 9. Ne2 Nc6 10. d5 Ne5 11. Nc3 f5 12. Be2 O-O 13. f4 Nf7 14. Rd1 Nd6 15. O-O a6 16. b3 Bd7 17. Rc1 b6 18. Rc2 Rf7 19. Rb1 Kh7 20. Qc1 Qc7 21. Qf1 Rg8 22. Nd1 Bh8 23. Be1 e5 24. Bc3 exf4 25. Bxh8 Rxh8 26. exf4 g5 27. Ne3 Rg8 28. g3 Nc8 29. Ng2 Qd6 30. Qf2 Re7 31. Qe3 Reg7 32. Rf1 Ne7 33. Qc3 Ng6 34. Bh5 Nxf4 35. gxf4 gxf4 36. Kh1 Rg5 37. Qh3 Qe5 38. Rcf2 Qd4 39. Qh4 f3 40. Bxf3 exf3 41. Qxd4 fxg2+ 42. Rxg2 cxd4 43. Rd2 Rg4 44. Rfd1 Re8 45. b4 Ba4 46. Rf1 Kg6 47. h3 Rg3 48. Rg1 Rxg1+ 49. Kxg1 Re4 50. c5 bxc5 51. bxc5 Kf6 52. Rb2 d3 53. d6 Ke6 0-1

[Event "2006 U.S. Masters Championship"]
[Site "Hendersonville, NC"]
[Date "2006.03.18"]
[Round "6"]
[White "Bereolos, Peter J"]
[Black "Francis, Benjamin"]
[Result "1/2-1/2"]
[WhiteElo "2316"]
[BlackElo "2048"]
[PlyCount "54"]
[EventDate "2006.03.11"]
[EventCountry "USA"]

 1. d4 d5 2. c4 e6 3. Nc3 c6 4. e4 dxe4 5. Nxe4 Bb4+ 6. Bd2 Qxd4 7. Bxb4 Qxe4+ 8. Be2 Na6 9. Bc3 f6 10. Nf3 Ne7 11. Qd2 e5 12. O-O Qg6 13. Rfe1 O-O 14. Bd3 Qf7 15. Bxe5 fxe5 16. Bxh7+ Kh8 17. Rxe5 Bf5 18. Rae1 Bxh7 19. Rxe7 Qf4 20. Qc3 Qf6 21. Qxf6 Rxf6 22. Rxb7 Nc5 23. Rc7 a5 24. Ree7 Na6 25. Rb7 Nc5 26. Rbc7 Na6 27. Rb7 Nc5 1/2-1/2

[Event "2006 U.S. Masters Championship"]
[Site "Hendersonville, NC"]
[Date "2006.03.18"]
[Round "6"]
[White "Sharp, Dale E"]
[Black "Cao, Tony"]
[Result "0-1"]
[WhiteElo "2203"]
[BlackElo "2099"]
[PlyCount "92"]
[EventDate "2006.03.11"]
[EventCountry "USA"]

 1. e4 c5 2. Nf3 d6 3. d4 cxd4 4. Nxd4 Nf6 5. Nc3 a6 6. Bg5 e6 7. f4 Qc7 8. Qf3 Nc6 9. O-O-O Bd7 10. Nb3 Be7 11. g4 h6 12. Bh4 g5 13. fxg5 Ne5 14. Qe2 Nfxg4 15. Bg3 hxg5 16. Bg2 b5 17. a3 Qb6 18. Nd4 Rb8 19. h3 Nf6 20. Nb3 a5 21. Bf2 Qc7 22. Qd2 a4 23. Nd4 Nc4 24. Qe1 b4 25. axb4 Rxb4 26. b3 axb3 27. cxb3 Na5 28. Kb2 Rb8 29. Ra1 Nh5 30. Ncb5 Bxb5 31. Qxa5 Qxa5 32. Rxa5 Bf6 33. Kc2 Bd7 34. Bf1 Nf4 35. Be3 Ke7 36. Bxf4 gxf4 37. Nb5 Rhc8+ 38. Kb1 Rc5 39. Ra7 Rbxb5 40. Bxb5 Rxb5 41. Kc2 f3 42. Rf1 Bd4 43. Rc7 f2 44. Kd3 e5 45. Kc4 Rc5+ 46. Rxc5 dxc5 0-1

[Event "2006 U.S. Masters Championship"]
[Site "Hendersonville, NC"]
[Date "2006.03.18"]
[Round "6"]
[White "Brookshear, Timothy"]
[Black "Dana, Maurice"]
[Result "1/2-1/2"]
[WhiteElo "2000"]
[BlackElo "2200"]
[PlyCount "89"]
[EventDate "2006.03.11"]
[EventCountry "USA"]

 1. d4 Nf6 2. Nf3 g6 3. Bf4 Bg7 4. e3 d6 5. Nbd2 O-O 6. h3 Nh5 7. Bh2 Nc6 8. Be2 f5 9. c3 e5 10. dxe5 dxe5 11. Nc4 Qe7 12. Qc2 a6 13. a4 Bd7 14. O-O f4 15. Rad1 e4 16. Rxd7 Qxd7 17. Qxe4 Rae8 18. Qc2 Kh8 19. e4 Qe7 20. Nfd2 Ne5 21. Bxh5 Nxc4 22. Nxc4 gxh5 23. Nd2 Qe6 24. f3 Rf7 25. Kh1 Rg8 26. Nb3 Qc4 27. Ra1 Be5 28. Na5 Qe6 29. Rd1 b6 30. Nb3 Rd7 31. Rxd7 Qxd7 32. Nd4 c5 33. Nf5 Rd8 34. Qf2 Qd1+ 35. Bg1 Bf6 36. e5 Bg5 37. Nd6 Qd5 38. a5 Be7 39. axb6 Bxd6 40. exd6 Rc8 41. Qh4 Qxd6 42. Qxh5 Qxb6 43. Qe5+ Kg8 44. Qd5+ Kh8 45. Qe5+ 1/2-1/2

[Event "2006 U.S. Masters Championship"]
[Site "Hendersonville, NC"]
[Date "2006.03.18"]
[Round "6"]
[White "Kobernat, Alan E"]
[Black "Rupel, David G"]
[Result "0-1"]
[WhiteElo "2036"]
[BlackElo "2074"]
[PlyCount "42"]
[EventDate "2006.03.11"]
[EventCountry "USA"]

 1. e4 c6 2. d4 d5 3. exd5 cxd5 4. Bd3 Nc6 5. c3 Qc7 6. Ne2 e6 7. Bf4 Bd6 8. Bxd6 Qxd6 9. O-O f5 10. Re1 Nf6 11. Nd2 O-O 12. Nf3 Ne4 13. Ng3 Bd7 14. Ne5 Nxe5 15. dxe5 Qb6 16. Re2 Nc5 17. Rc2 Be8 18. Bf1 f4 19. Ne2 Bg6 20. Rd2 Ne4 21. Rd4 f3 0-1

[Event "2006 U.S. Masters Championship"]
[Site "Hendersonville, NC"]
[Date "2006.03.18"]
[Round "6"]
[White "Smith, Garrett L"]
[Black "Ramos Jr, Cezarte"]
[Result "1-0"]
[WhiteElo "2010"]
[BlackElo "1926"]
[PlyCount "57"]
[EventDate "2006.03.11"]
[EventCountry "USA"]

 1. e4 g6 2. d4 Bg7 3. Nc3 c6 4. f4 d5 5. e5 h5 6. Nf3 Nh6 7. Be3 Na6 8. Qd2 Nc7 9. O-O-O b5 10. Kb1 a5 11. a4 Rb8 12. Ng5 b4 13. Ne2 b3 14. cxb3 Bf5+ 15. Ka1 Rxb3 16. Nc1 Qb8 17. Nxb3 Qxb3 18. Bd3 Qxa4+ 19. Kb1 Bxd3+ 20. Qxd3 Nf5 21. Bf2 Nb5 22. Qc2 Qxc2+ 23. Kxc2 e6 24. Nf3 Bh6 25. g3 Bf8 26. Kd3 a4 27. Ra1 a3 28. bxa3 Bxa3 29. Rxa3 1-0

[Event "2006 U.S. Masters Championship"]
[Site "Hendersonville, NC"]
[Date "2006.03.18"]
[Round "7"]
[White "Smith, Bryan G"]
[Black "Ardaman, Miles F"]
[Result "0-1"]
[WhiteElo "2413"]
[BlackElo "2377"]
[PlyCount "124"]
[EventDate "2006.03.11"]
[EventCountry "USA"]

 1. e4 Nc6 2. d4 Nf6 3. Nc3 d5 4. e5 Nd7 5. Nce2 Nb6 6. Nf4 e6 7. c3 Bd7 8. Nf3 Qe7 9. a4 f6 10. a5 Nc4 11. a6 b6 12. b3 N4a5 13. b4 Nc4 14. Bxc4 dxc4 15. Qe2 b5 16. O-O O-O-O 17. Re1 Re8 18. d5 Nxe5 19. dxe6 Bc6 20. Nxe5 fxe5 21. Qxe5 Qd6 22. Qe3 g5 23. Nh5 Qd5 24. f3 Be7 25. Qxa7 Rhf8 26. Qe3 Rd8 27. a7 Kb7 28. h3 Qf5 29. Ng3 Qc2 30. Ne4 Ka8 31. Qe2 Qxe2 32. Rxe2 Rd1+ 33. Kf2 h5 34. Re1 Rd5 35. Be3 g4 36. Bc5 Bh4+ 37. Kg1 Rg8 38. Bf2 Be7 39. hxg4 hxg4 40. f4 g3 41. Bc5 Bh4 42. e7 Rf5 43. Rad1 Rxf4 44. Rd4 Rf7 45. Rf1 Rxe7 46. Bxe7 Bxe7 47. Rf7 Bd8 48. Nxg3 Kxa7 49. Ne4 Kb6 50. Kf2 Bh4+ 51. g3 Bd8 52. Kf3 Bg5 53. g4 Bc1 54. Kg3 Be3 55. Nf6 Bxd4 56. cxd4 Rd8 57. g5 c3 58. Re7 Rxd4 59. g6 c2 60. Re1 Rd1 61. g7 Rxe1 62. g8=Q Rg1+ 0-1

[Event "2006 U.S. Masters Championship"]
[Site "Hendersonville, NC"]
[Date "2006.03.18"]
[Round "7"]
[White "Burnett, Ronald W"]
[Black "Sarkar, Justin"]
[Result "1/2-1/2"]
[WhiteElo "2424"]
[BlackElo "2399"]
[PlyCount "23"]
[EventDate "2006.03.11"]
[EventCountry "USA"]

 1. Nf3 c5 2. c4 Nf6 3. d4 cxd4 4. Nxd4 e5 5. Nf3 Nc6 6. Bg5 Bb4+ 7. Nfd2 d5 8. cxd5 Qxd5 9. Nc3 Bxc3 10. bxc3 Ne4 11. Nxe4 Qxe4 12. Qb1 1/2-1/2

[Event "2006 U.S. Masters Championship"]
[Site "Hendersonville, NC"]
[Date "2006.03.18"]
[Round "7"]
[White "Schroer, Jonathan"]
[Black "Ludwig, Daniel J"]
[Result "1/2-1/2"]
[WhiteElo "2462"]
[BlackElo "2331"]
[PlyCount "42"]
[EventDate "2006.03.11"]
[EventCountry "USA"]

 1. d4 Nf6 2. c4 e5 3. dxe5 Ng4 4. Bf4 g5 5. Bg3 Bg7 6. Nf3 Nc6 7. Nc3 Ngxe5 8. Nxe5 Nxe5 9. e3 d6 10. c5 dxc5 11. Qxd8+ Kxd8 12. O-O-O+ Bd7 13. Ne4 Ke7 14. Nxg5 Bc6 15. f3 f6 16. Nh3 Bh6 17. Bf4 Bxf4 18. Nxf4 Rad8 19. Be2 f5 20. Rxd8 Rxd8 21. Rd1 Rd6 1/2-1/2